| 000 | 00507 a2200193 4500 | ||
|---|---|---|---|
| 999 |
_c32178 _d32178 |
||
| 003 | OSt | ||
| 005 | 20260219125419.0 | ||
| 008 | 260219b ||||| |||| 00| 0 eng d | ||
| 020 | _a9781400235261 | ||
| 040 | _c. | ||
| 082 |
_a658.404 _bH4339 |
||
| 100 |
_96647 _aHeagney, Joseph |
||
| 245 |
_aFundamentals of Project Management / _cJoseph Heagney |
||
| 250 | _a6th ed. | ||
| 260 |
_bHarperCollins Leadership, _aUSA : _c2022. |
||
| 300 | _a272 p. | ||
| 650 | 0 |
_92103 _aProject management |
|
| 942 |
_2ddc _cBK |
||